Notas para el estudio económico de América Latina, 1983, Honduras

Enregistré dans:
Détails bibliographiques
Collectivité auteur: CEPAL
Format: Texte
Publié: CEPAL
Tags: Ajouter un tag
Pas de tags, Soyez le premier à ajouter un tag!

MARC

LEADER 00000 a a2200000 04500
001 24626
003
040
090 |a 169700  
110 |a CEPAL  
245 |a Notas para el estudio económico de América Latina, 1983, Honduras  
260 |a CEPAL  
300 |a 50 p.   |b **no definido**  
999 |c 15308  |d 15308